[Event "Norway Chess Open GM 2025"]
[Site "Stavanger NOR"]
[Date "2025.05.26"]
[Round "1.35"]
[White "Advaitt Srikant Koduri"]
[Black "Nechitaylo, Nikita"]
[Result "1-0"]
[BlackTitle "FM"]
[WhiteElo "1988"]
[BlackElo "2261"]
[WhiteFideId "25185454"]
[BlackFideId "34138161"]
[EventDate "2025.05.26"]

1. d4 Nf6 2. Nf3 d5 3. Bf4 c5 4. c3 Nc6 5. e3 Qb6 6. Qc2 g6 7. Nbd2 Bg7 8. h3
O-O 9. Be2 cxd4 10. exd4 Nh5 11. Bh2 Bh6 12. g4 Nf4 13. g5 Nxe2 14. gxh6 Bf5 15.
Qb3 Nexd4 16. Nxd4 Nxd4 17. cxd4 Qxd4 18. Qc3 Qxc3 19. bxc3 Rac8 20. Rc1 d4 21.
c4 Bd3 22. Nb3 Rxc4 23. Kd2 Rxc1 24. Rxc1 Be4 25. Re1 f5 26. f3 Bxf3 27. Rxe7
Rf7 28. Re8+ Rf8 29. Re7 Rf7 30. Re8+ Rf8 31. Rxf8+ Kxf8 32. Nxd4 Bd5 33. a3 Ke7
34. h4 Kd7 35. Bf4 a5 36. Kd3 b6 37. Be5 Bg2 38. Kc4 Bf1+ 39. Kc3 Ba6 40. Nf3
Ke6 41. Kd4 f4 42. Ng5+ Kf5 43. Nxh7 f3 44. Bg3 Kg4 45. Bf2 Kh5 46. Be3 g5 47.
hxg5 Bc8 48. Nf8 Bf5 49. h7 Bxh7 50. Nxh7 f2 51. Bxf2 Kg6 52. Nf6 Kxg5 53. Nd5
b5 54. Kc5 b4 55. Nxb4 1-0

[Event "Norway Chess Open GM 2025"]
[Site "Stavanger NOR"]
[Date "2025.05.26"]
[Round "1.36"]
[White "Eliseev, Sergey"]
[Black "Azikri, Gur"]
[Result "1-0"]
[WhiteTitle "FM"]
[WhiteElo "2254"]
[BlackElo "1982"]
[WhiteFideId "1534734"]
[BlackFideId "2812738"]
[EventDate "2025.05.26"]

1. e4 d6 2. d4 Nf6 3. Bd3 e5 4. c3 Nbd7 5. Nf3 d5 6. dxe5 dxe4 7. exf6 exf3 8.
fxg7 Bxg7 9. gxf3 Ne5 10. Bb5+ c6 11. Qxd8+ Kxd8 12. Be2 Bf5 13. Rg1 Bf6 14. Bg5
Ke7 15. Nd2 Bxg5 16. Rxg5 Kf6 17. Rg3 Ng6 18. Ne4+ Ke7 19. Rg5 Be6 20. Nc5 Kf6
21. Nxe6 fxe6 22. Rg4 Rhd8 23. Rd1 e5 24. Bd3 Nf4 25. Be4 h5 26. Rg1 Rxd1+ 27.
Kxd1 Rd8+ 28. Kc2 Kf7 29. Rg5 Kf6 30. Rg1 Kf7 31. a4 Rg8 32. Rxg8 Kxg8 33. a5
Kf8 34. a6 b6 35. Bxc6 Ke7 36. Kd2 Kd6 37. Bb5 h4 38. Ke3 Nd5+ 39. Ke4 Nc7 40.
Bf1 Ne6 41. Kf5 Nc5 42. Bb5 Ne6 43. Kg4 Ke7 44. Kxh4 Kf6 45. Kg4 Nc7 46. Bd3 1-0

[Event "Norway Chess Open GM 2025"]
[Site "Stavanger NOR"]
[Date "2025.05.26"]
[Round "1.38"]
[White "Gentemann, Moritz"]
[Black "Gjersvik, Aksel Elias"]
[Result "1-0"]
[WhiteElo "2242"]
[BlackElo "1978"]
[WhiteFideId "4688007"]
[BlackFideId "1567306"]
[EventDate "2025.05.26"]

1. c4 e5 2. Nc3 Nc6 3. Nf3 Bc5 4. e3 a6 5. d4 exd4 6. exd4 Ba7 7. d5 Nce7 8. d6
cxd6 9. Be2 f5 10. Bg5 h6 11. Bf4 Nf6 12. O-O d5 13. Be5 O-O 14. Bxf6 Rxf6 15.
Nxd5 Nxd5 16. Qxd5+ Kh8 17. Ne5 Qe8 18. Bf3 Re6 19. Nd3 Rb8 20. Nf4 b5 21. Nxe6
dxe6 22. Rfe1 bxc4 23. Qxc4 Rxb2 24. Re2 Rb6 25. Qc7 Qd7 26. Rc2 Rb8 27. Rd1 Qa4
28. Qxa7 Rb7 29. Rxc8+ Kh7 30. Qxb7 1-0

[Event "Norway Chess Open GM 2025"]
[Site "Stavanger NOR"]
[Date "2025.05.26"]
[Round "1.39"]
[White "Zhang, Ruijia"]
[Black "Mahitosh, Dey"]
[Result "0-1"]
[BlackTitle "FM"]
[WhiteElo "1970"]
[BlackElo "2240"]
[WhiteFideId "8645264"]
[BlackFideId "25091468"]
[EventDate "2025.05.26"]

1. d4 Nf6 2. Nf3 e6 3. g3 d5 4. Bg2 b5 5. O-O Bb7 6. c3 c5 7. b3 Nbd7 8. Nbd2 c4
9. e4 Qa5 10. b4 Qd8 11. a4 a5 12. e5 Ng8 13. Ba3 axb4 14. Bxb4 Bxb4 15. cxb4
bxa4 16. Rxa4 Ne7 17. Ng5 h6 18. Nh3 Bc6 19. Rxa8 Qxa8 20. Nb1 O-O 21. Nf4 Rb8
22. Qg4 Rxb4 23. Nxe6 fxe6 24. Qxe6+ Kf8 25. Nc3 Rb6 26. f4 Qe8 27. Bh3 Qh5 28.
Bg4 Qg6 29. Qxg6 Nxg6 30. Bxd7 Bxd7 31. Nxd5 Rb3 32. Kf2 Rb2+ 33. Ke3 Ne7 34.
Nc3 Nf5+ 35. Ke4 Rxh2 0-1

[Event "Norway Chess Open GM 2025"]
[Site "Stavanger NOR"]
[Date "2025.05.26"]
[Round "1.41"]
[White "Haugsdal, Arn-Tore"]
[Black "Pang, Ethan"]
[Result "0-1"]
[BlackTitle "FM"]
[WhiteElo "1950"]
[BlackElo "2226"]
[WhiteFideId "1502352"]
[BlackFideId "496995"]
[EventDate "2025.05.26"]

1. e4 c5 2. Nf3 Nc6 3. d4 cxd4 4. Nxd4 Nf6 5. Nc3 e5 6. Ndb5 d6 7. Bg5 a6 8. Na3
Be6 9. Nc4 Rb8 10. a4 h6 11. Bxf6 Qxf6 12. Nxd6+ Bxd6 13. Qxd6 Rd8 14. Qc5 Nd4
15. Bd3 Qg5 16. Kf1 Rc8 17. Qd6 Rc6 18. Qb4 a5 19. Qxa5 O-O 20. Re1 b6 21. Qb4
Rfc8 22. h4 Qg4 23. Rh3 Qh5 24. Rh1 Bc4 25. Bxc4 Nxc2 26. Qb3 Nxe1 27. Be2 Qg6
28. Rh2 Qf6 29. Nd5 Qe6 30. Kxe1 Rc1+ 31. Kd2 Kh8 32. Rh3 f5 33. Bd3 fxe4 34.
Bxe4 R1c4 35. Qxb6 Rd4+ 36. Ke3 0-1

[Event "Norway Chess Open GM 2025"]
[Site "Stavanger NOR"]
[Date "2025.05.27"]
[Round "2.1"]
[White "Kantor, Gergely"]
[Black "Savitha, Shri B"]
[Result "1-0"]
[WhiteTitle "GM"]
[BlackTitle "IM"]
[WhiteElo "2581"]
[BlackElo "2298"]
[WhiteFideId "751499"]
[BlackFideId "35061887"]
[EventDate "2025.05.26"]

1. e4 c5 2. Nf3 Nc6 3. Bb5 e6 4. Bxc6 bxc6 5. d3 Qc7 6. O-O Ne7 7. h4 d6 8. h5
e5 9. Nh2 h6 10. f4 exf4 11. Bxf4 g5 12. Bg3 Bg7 13. Nd2 Be6 14. Nc4 O-O-O 15.
Qe2 Rhe8 16. Rae1 Kb7 17. Qd2 Rf8 18. b3 Bxc4 19. bxc4 f5 20. e5 dxe5 21. Qe2 f4
22. Bf2 Nf5 23. Ng4 Rfe8 24. Qe4 Qd7 25. Rb1+ Ka8 26. Rfd1 Nd6 27. Qf3 Nb7 28.
a4 Qc7 29. Re1 Nd6 30. Bxc5 Nf5 31. a5 Qc8 32. a6 e4 33. Rxe4 Rxe4 34. dxe4 Bd4+
35. Bxd4 Nxd4 36. Qh3 Qxa6 37. Ne5 Qa5 38. Nf7 Rb8 39. Rd1 Qc5 40. Kh2 f3 41. c3
Ne2 42. Qxf3 Nf4 43. Kh1 Rf8 44. Nd6 Qe5 45. Qg4 Nd3 46. Qd7 Rb8 47. Qxc6+ 1-0

[Event "Norway Chess Open GM 2025"]
[Site "Stavanger NOR"]
[Date "2025.05.27"]
[Round "2.21"]
[White "Amar, Elham"]
[Black "Maurstad, Astor Moe"]
[Result "1-0"]
[WhiteTitle "GM"]
[WhiteElo "2569"]
[BlackElo "1933"]
[WhiteFideId "1533533"]
[BlackFideId "1576640"]
[EventDate "2025.05.26"]

1. e4 c5 2. Nf3 d6 3. d4 cxd4 4. Nxd4 Nf6 5. Nc3 a6 6. Be3 e5 7. Nb3 Be7 8. h3
h5 9. Qd2 Be6 10. O-O-O Nbd7 11. f4 Rc8 12. Kb1 b5 13. Be2 h4 14. Rhe1 Qc7 15.
Bf3 Nb6 16. Bxb6 Qxb6 17. Nd5 Bxd5 18. exd5 Nd7 19. Bg4 Bf6 20. Nd4 Rc4 21. Nc6
Qc7 22. b3 Rc5 23. Qe3 Rh6 24. Qd4 Rg6 25. Bxd7+ Kxd7 26. fxe5 Bxe5 27. Rxe5 1-0

[Event "Norway Chess Open GM 2025"]
[Site "Stavanger NOR"]
[Date "2025.05.27"]
[Round "2.2"]
[White "Nissinen, Niilo Man"]
[Black "Urkedal, Frode Olav Olsen"]
[Result "0-1"]
[WhiteTitle "CM"]
[BlackTitle "GM"]
[WhiteElo "2301"]
[BlackElo "2562"]
[WhiteFideId "30950767"]
[BlackFideId "1506102"]
[EventDate "2025.05.26"]

1. e4 e5 2. Nf3 Nc6 3. Bb5 a6 4. Ba4 Nf6 5. O-O Be7 6. d3 b5 7. Bb3 d6 8. a3 O-O
9. Nc3 Rb8 10. Be3 Bd7 11. Nd5 Nxd5 12. Bxd5 Bf6 13. c3 Re8 14. h3 Ne7 15. Bb3
Ng6 16. Qd2 c5 17. Nh2 Qc8 18. Kh1 a5 19. a4 c4 20. Bd1 cxd3 21. Qxd3 Qc7 22.
Qd2 Red8 23. Bb3 bxa4 24. Bxa4 Be6 25. f3 d5 26. exd5 Bxd5 27. Qf2 Bh4 28. g3
Be7 29. Rfc1 e4 30. f4 Bc5 31. Nf1 h5 32. h4 Ba8 33. b4 Bxe3 34. Nxe3 axb4 35.
cxb4 Qb6 36. Rab1 Rd3 37. Re1 Rc8 38. Bc2 Rdc3 39. Re2 Ne7 40. Kg1 Rxe3 41. Qxe3
Qxe3+ 42. Rxe3 Rxc2 43. b5 Bd5 44. b6 Nf5 45. Reb3 Nd4 46. R3b2 Nf3+ 47. Kh1
Rxb2 48. Rxb2 e3 49. Kg2 e2 0-1

[Event "Norway Chess Open GM 2025"]
[Site "Stavanger NOR"]
[Date "2025.05.27"]
[Round "2.22"]
[White "Zhu, Jiner"]
[Black "Weller, Uli"]
[Result "1-0"]
[WhiteTitle "GM"]
[WhiteElo "2541"]
[BlackElo "2223"]
[WhiteFideId "8608059"]
[BlackFideId "12971782"]
[EventDate "2025.05.26"]

1. e4 c5 2. Nf3 Nc6 3. d4 cxd4 4. Nxd4 g6 5. c4 Nf6 6. Nc3 Nxd4 7. Qxd4 d6 8.
Bg5 Bg7 9. Be2 O-O 10. Qd2 Be6 11. Rc1 a5 12. b3 Nd7 13. O-O Nc5 14. f3 Qd7 15.
Rfe1 f5 16. exf5 Rxf5 17. Bf1 Bf6 18. Bxf6 Rxf6 19. Ne4 Nxe4 20. Rxe4 Bf5 21.
Re3 Qc7 22. Qe1 Qc5 23. Kh1 e5 24. Rd1 Be6 25. Bd3 Qb4 26. Be4 Kg7 27. Red3 Bf7
28. h4 Qb6 29. Qd2 Rd8 30. g3 Qc7 31. Kg2 b6 32. g4 Be8 33. g5 Re6 34. Bd5 Re7
35. a4 Red7 36. Be6 Re7 37. Rxd6 Rxe6 38. Rxd8 Bc6 39. Qe3 e4 40. Qd4+ 1-0

[Event "Norway Chess Open GM 2025"]
[Site "Stavanger NOR"]
[Date "2025.05.27"]
[Round "2.3"]
[White "Sivuk, Vitaly"]
[Black "Myagmarsuren, Evsuld"]
[Result "1-0"]
[WhiteTitle "GM"]
[BlackTitle "FM"]
[WhiteElo "2501"]
[BlackElo "2292"]
[WhiteFideId "14116502"]
[BlackFideId "1551639"]
[EventDate "2025.05.26"]

1. c4 c6 2. Nf3 d5 3. g3 g6 4. d4 Bg7 5. Qa4 Be6 6. cxd5 Bxd5 7. Nbd2 Nf6 8. Qc2
Qa5 9. Bg2 Ne4 10. O-O Nxd2 11. Bxd2 Qa6 12. e4 Bc4 13. Rfc1 Bd3 14. Qb3 Qb5 15.
Qxb5 Bxb5 16. a4 Be2 17. e5 O-O 18. b4 Rd8 19. Be3 Nd7 20. Ra2 Bxf3 21. Bxf3 a6
22. Rac2 Nb6 23. b5 axb5 24. axb5 cxb5 25. Rc7 Nc4 26. Bg5 Rxd4 27. Bxe7 Bxe5
28. Rxb7 Rb8 29. Rxb8+ Bxb8 30. Ra1 Rd7 31. Bf6 Rd6 32. Bg5 Kg7 33. Ra8 Rb6 34.
Bd8 Bd6 35. Bxb6 Nxb6 36. Ra7 b4 37. Bd1 Nc4 38. Bb3 Ne5 39. Kg2 g5 40. f4 gxf4
41. gxf4 Ng4 42. Rxf7+ Kg6 43. Kg3 Nf6 44. Kf3 Nh5 45. Rd7 Bc5 46. Bf7+ Kh6 47.
Bxh5 1-0

[Event "Norway Chess Open GM 2025"]
[Site "Stavanger NOR"]
[Date "2025.05.27"]
[Round "2.4"]
[White "Fiskaaen, Martin Holten"]
[Black "Kunin, Vitaly"]
[Result "0-1"]
[WhiteTitle "FM"]
[BlackTitle "GM"]
[WhiteElo "2292"]
[BlackElo "2497"]
[WhiteFideId "1550233"]
[BlackFideId "4128737"]
[EventDate "2025.05.26"]

1. Nf3 d5 2. g3 Nc6 3. d4 Bf5 4. Bg2 Nb4 5. Na3 e6 6. O-O Nc6 7. Nb1 Nb4 8. c4
Nc2 9. cxd5 Nxa1 10. e4 Bxe4 11. dxe6 fxe6 12. Nc3 Bxf3 13. Qxf3 Bd6 14. Qh5+
Kf8 15. Bg5 Nf6 16. Qe2 h6 17. Bxf6 Qxf6 18. Bxb7 Rb8 19. Ba6 Qxd4 20. Rxa1 Qe5
21. Qd2 Kf7 22. Re1 Rxb2 23. Qc1 Rc2 24. Qxc2 Qxe1+ 25. Kg2 Qe5 26. Bc4 Re8 27.
f4 Qd4 28. Ne2 Qc5 29. Qe4 Kg8 30. f5 Kh8 31. f6 Qf5 32. fxg7+ Kxg7 33. Qd4+ e5
34. Qd5 Rf8 35. Nc3 Qf2+ 36. Kh3 Qd4 37. Qe6 Qxc3 38. Qg4+ Kh8 39. Qg6 Qe3 40.
Bd3 Rf7 41. Bc2 Rg7 42. Qe8+ Rg8 43. Qf7 e4 44. Qf6+ Rg7 45. Qd8+ Kh7 46. Qh4
Be7 47. Qh5 Qg5 48. Bxe4+ Kh8 49. Qe8+ Rg8 50. Qf7 Qg4+ 0-1

[Event "Norway Chess Open GM 2025"]
[Site "Stavanger NOR"]
[Date "2025.05.27"]
[Round "2.5"]
[White "Galperin, Platon"]
[Black "Poley, Vladimir"]
[Result "1-0"]
[WhiteTitle "GM"]
[BlackTitle "IM"]
[WhiteElo "2494"]
[BlackElo "2284"]
[WhiteFideId "14165414"]
[BlackFideId "13500090"]
[EventDate "2025.05.26"]

1. d4 g6 2. c4 Bg7 3. Nf3 d6 4. Nc3 Bg4 5. e3 Nc6 6. Be2 e5 7. dxe5 Nxe5 8. Nxe5
Bxe2 9. Qa4+ c6 10. Nxc6 Bxc3+ 11. Kxe2 Qd7 12. bxc3 Ne7 13. Rd1 Nxc6 14. c5 d5
15. Qh4 Qe7 16. Qxe7+ Nxe7 17. c4 O-O-O 18. Bb2 Rhe8 19. cxd5 Nxd5 20. g4 Nf4+
21. Kf3 Ne6 22. Bf6 Rxd1 23. Rxd1 Nf8 24. Bh4 Kc7 25. Rd6 Ne6 26. Bg3 Ng5+ 27.
Kg2 Ne4 28. Rf6+ Nxg3 29. Rxf7+ Kc6 30. Kxg3 a5 31. h4 Re4 32. Rxh7 Ra4 33. h5
gxh5 34. gxh5 Rxa2 35. h6 Ra1 36. Kg2 Ra4 37. Rh8 Rh4 38. h7 Kb5 39. f4 Rg4+ 40.
Kf3 Rg7 41. f5 a4 42. c6 a3 43. cxb7 Rxb7 44. Ra8 Rxh7 45. Rxa3 Kc4 46. Kf4 Rh8
47. Ra4+ Kd5 48. Rd4+ Kc5 49. Rd1 1-0

[Event "Norway Chess Open GM 2025"]
[Site "Stavanger NOR"]
[Date "2025.05.27"]
[Round "2.23"]
[White "Zepeda Berlanga, Jan Enrique"]
[Black "Lie, Kjetil A."]
[Result "0-1"]
[WhiteTitle "CM"]
[BlackTitle "GM"]
[WhiteElo "1941"]
[BlackElo "2493"]
[WhiteFideId "5132355"]
[BlackFideId "1501984"]
[EventDate "2025.05.26"]

1. e4 g6 2. d4 Bg7 3. Nc3 d6 4. Bg5 a6 5. Qd2 b5 6. Nf3 Bb7 7. a3 Nd7 8. h4 h6
9. Be3 Ngf6 10. Bd3 e5 11. d5 c6 12. dxc6 Bxc6 13. Rd1 Qc7 14. Nh2 h5 15. f3 Nc5
16. Bf1 Bf8 17. b4 Ncd7 18. Nd5 Bxd5 19. exd5 Nb6 20. Bd3 Rc8 21. f4 Nbxd5 22.
fxe5 dxe5 23. O-O Be7 24. Bh6 e4 25. Bxe4 Qb6+ 26. Kh1 Nxe4 27. Qd4 Ng3+ 28. Kg1
Ne2+ 0-1

[Event "Norway Chess Open GM 2025"]
[Site "Stavanger NOR"]
[Date "2025.05.27"]
[Round "2.6"]
[White "Southcott-Moyers, Indy"]
[Black "Rozentalis, Eduardas"]
[Result "1/2-1/2"]
[WhiteTitle "CM"]
[BlackTitle "GM"]
[WhiteElo "2292"]
[BlackElo "2470"]
[WhiteFideId "488542"]
[BlackFideId "12800023"]
[EventDate "2025.05.26"]

1. d4 Nf6 2. c4 e6 3. Nf3 Bb4+ 4. Bd2 a5 5. a3 Bxd2+ 6. Qxd2 b6 7. e3 Bb7 8. Be2
d6 9. Nc3 Ne4 10. Nxe4 Bxe4 11. O-O Nd7 12. b4 O-O 13. Qc3 Qe7 14. Nd2 Bb7 15.
Bf3 Bxf3 1/2-1/2

[Event "Norway Chess Open GM 2025"]
[Site "Stavanger NOR"]
[Date "2025.05.27"]
[Round "2.24"]
[White "Alonso Garcia, Aaron"]
[Black "Charvi A"]
[Result "1-0"]
[WhiteTitle "IM"]
[BlackTitle "WFM"]
[WhiteElo "2454"]
[BlackElo "2056"]
[WhiteFideId "24521060"]
[BlackFideId "25165518"]
[EventDate "2025.05.26"]

1. e4 c5 2. Nf3 d6 3. d4 cxd4 4. Nxd4 Nf6 5. Nc3 a6 6. Be2 e5 7. Nb3 Be7 8. Bf3
O-O 9. O-O Be6 10. a4 Nbd7 11. a5 Qc7 12. Re1 Rac8 13. Be3 Rfd8 14. Nd2 Qb8 15.
Nf1 Bf8 16. Ng3 h6 17. h3 Nc5 18. Nd5 Bxd5 19. exd5 b6 20. axb6 Qxb6 21. Qd2 Qc7
22. Ra3 Ncd7 23. c3 a5 24. Rea1 Nc5 25. Bxc5 dxc5 26. Rxa5 e4 27. Nxe4 Nxd5 28.
Qc2 Nb6 29. Ra7 Qf4 30. Qc1 Qxc1+ 31. Rxc1 Nc4 32. b3 Ne5 33. Be2 c4 34. b4 f5
35. Ng3 Rd2 36. Kf1 Nd3 37. Rd1 Rc2 38. Nxf5 Rxc3 39. Rxg7+ Bxg7 40. Ne7+ Kh7
41. Nxc8 Nb2 42. Rb1 Ra3 43. Nd6 c3 44. Nc4 Ra4 45. Nxb2 cxb2 46. b5 Rb4 47.
Bd3+ Kg8 48. Ke2 Kf7 49. Kd2 Ke7 50. Kc2 Bd4 51. f4 Bf6 52. g3 Kf7 53. Rf1 Kg7
54. h4 Kf8 55. Kd2 h5 56. Kc2 Kg7 57. Rd1 Kf7 58. Kb1 Ra4 59. b6 Rb4 60. Be2
Rxb6 61. Bxh5+ Kf8 62. Be2 Re6 63. Bd3 Re3 64. g4 Bxh4 65. Kxb2 Rg3 66. Be2 Rg2
67. Rd2 Rf2 68. f5 Bf6+ 69. Kb3 Kg7 70. Kc4 Kh6 71. Kd5 Kg5 72. Ke4 Rh2 73. Ra2
Rh8 74. Kf3 Rh3+ 75. Kg2 Rh8 76. Ra4 Rd8 77. Re4 Rb8 78. Kf2 Rc8 79. Bc4 Rh8 80.
Bf7 Rf8 81. Bg6 Rh8 82. Ke2 Rf8 83. Kd3 Rh8 84. Kc4 Rf8 85. Kd5 Rh8 86. Ra4 Rf8
87. Bh5 Rh8 88. Ke6 Rf8 89. Ra7 Rb8 90. Kf7 Rh8 91. Bg6 Rb8 92. Rc7 Ra8 93. Rc6
Rb8 94. Bh5 Ra8 95. Ke6 Rh8 96. Rc2 Rb8 97. Ra2 Rb6+ 98. Kd5 Rb5+ 99. Kc6 Rb8
100. Kc7 Be5+ 101. Kd7 Bf6 102. Bg6 Rb7+ 103. Kc6 Rb8 104. Rh2 Rh8 105. Bh7 Be5
106. Rh1 Bf6 107. Kd5 Re8 108. Bg6 Re5+ 109. Kd6 Re3 110. Rh5+ Kxg4 111. Rh1 Kg5
112. Rf1 Bd4 113. Bf7 Re2 114. Be6 Rf2 115. Rd1 Bc3 116. Ke7 Bb2 117. Rg1+ Kh4
118. Kf7 Rf3 119. Rg6 Bc3 120. Ke7 Be5 121. Bd7 Bb2 122. Kd6 Ba1 123. Be6 Rf2
124. Kd5 Rf4 125. Rg1 Bc3 126. Bc8 Bb2 127. Ke6 Bc3 128. Rc1 Bb2 129. Rc7 Kg3
130. Kf7 Bd4 131. Rb7 Kf2 132. Kg6 Ke3 133. Rb3+ Kd2 134. Kg5 Rf2 135. Bb7 Bc3
136. Kg4 Kc2 137. Ra3 Rf1 138. Ra6 Rg1+ 139. Kf4 Rf1+ 140. Bf3 Ra1 141. Rc6 Kd2
142. f6 Bxf6 143. Rxf6 Kd3 144. Rd6+ Kc4 145. Be4 Ra5 146. Rd1 Kc5 147. Ke5 Kc4+
148. Bd5+ Kc3 149. Rh1 Ra4 150. Rh3+ Kd2 151. Be4 Rb4 152. Ra3 Rb8 153. Rd3+ Ke2
154. Rh3 Kd2 155. Bd5 Rb4 156. Ra3 Ke2 157. Be4 Rb8 158. Kf4 Kd2 159. Rd3+ Ke2
160. Rc3 Rf8+ 161. Bf5 Rd8 162. Rc2+ Rd2 163. Rc1 Rd8 164. Bg4+ Kf2 165. Rc2+
Ke1 166. Re2+ Kf1 167. Kg3 Rg8 168. Re7 Rg6 169. Rd7 1-0

[Event "Norway Chess Open GM 2025"]
[Site "Stavanger NOR"]
[Date "2025.05.27"]
[Round "2.7"]
[White "Bhagat Kush"]
[Black "Zhou, Yang-Fan"]
[Result "1-0"]
[WhiteTitle "FM"]
[BlackTitle "IM"]
[WhiteElo "2279"]
[BlackElo "2425"]
[WhiteFideId "46672940"]
[BlackFideId "468584"]
[EventDate "2025.05.26"]

1. d4 Nf6 2. c4 d6 3. Nc3 e5 4. Nf3 Nbd7 5. e4 g6 6. Be2 Bg7 7. O-O O-O 8. d5
Nc5 9. Qc2 a5 10. Bg5 h6 11. Bh4 g5 12. Bg3 Nh5 13. Nd2 Nf4 14. Rfe1 h5 15. Bxf4
exf4 16. Bxh5 g4 17. f3 Bd4+ 18. Kh1 g3 19. h3 Kg7 20. Bg4 Rh8 21. Ne2 Be5 22.
Bf5 Bxf5 23. exf5 Qf6 24. Nb3 Nd7 25. Rad1 Rh5 26. a4 b6 27. Rd2 Rah8 28. Ng1
Rxf5 29. Nd4 Rfh5 30. Nc6 Nc5 31. Nxe5 dxe5 32. b3 Qd6 33. Qc3 f6 34. Rde2 Qd7
35. Rd1 Ne6 36. Qe1 Ng5 37. Qf1 Qd6 38. Rd3 Re8 39. Qa1 Qd7 40. Qf1 Qd6 41. Qa1
Kf7 42. Qb1 f5 43. Rd1 e4 44. Rf1 Reh8 45. fxe4 Nxh3 46. gxh3 Rxh3+ 47. Nxh3 Qh6
48. Rh2 gxh2 49. Nxf4 Rg8 50. Ng2 Ke7 51. exf5 Kf7 52. Qe4 Qd2 53. f6 Rg5 54.
Qh7+ 1-0

[Event "Norway Chess Open GM 2025"]
[Site "Stavanger NOR"]
[Date "2025.05.27"]
[Round "2.8"]
[White "Yankelevich, Lev"]
[Black "Eliseev, Sergey"]
[Result "1-0"]
[WhiteTitle "GM"]
[BlackTitle "FM"]
[WhiteElo "2422"]
[BlackElo "2254"]
[WhiteFideId "24684074"]
[BlackFideId "1534734"]
[EventDate "2025.05.26"]

1. e4 c5 2. Nf3 d6 3. Bb5+ Nd7 4. a4 Nf6 5. Nc3 e6 6. d4 a6 7. Bxd7+ Qxd7 8.
dxc5 dxc5 9. O-O Be7 10. a5 O-O 11. Ne5 Qc7 12. Nc4 Bd7 13. Qf3 e5 14. Nb6 Rae8
15. Bg5 Be6 16. Bxf6 Bxf6 17. Ncd5 Bxd5 18. Nxd5 Qc6 19. Rfd1 Bd8 20. Qb3 Kh8
21. Qa4 Qg6 22. Ne3 Bg5 23. Nf5 Rd8 24. Rd7 Qc6 25. Qxc6 bxc6 26. Rad1 g6 27.
Rxd8 Bxd8 28. Ne3 Bxa5 29. Ra1 Bd2 30. Nc4 Bg5 31. Nxe5 Bf6 32. Nc4 Rd8 33. e5
Bg7 34. Kf1 Rd5 35. e6 fxe6 36. Rxa6 Kg8 37. Rxc6 Rd1+ 38. Ke2 Rc1 39. c3 Rc2+
40. Kf3 e5 41. Rxc5 e4+ 42. Kg3 h5 43. h4 Kf7 44. Rd5 Ke6 45. Rd6+ Kf7 46. Rd2
Rc1 47. Re2 Ke6 48. Rxe4+ Kd5 49. f3 1-0

[Event "Norway Chess Open GM 2025"]
[Site "Stavanger NOR"]
[Date "2025.05.27"]
[Round "2.9"]
[White "Krivenko, Dion"]
[Black "Wang, Hao(ZJ)"]
[Result "1/2-1/2"]
[WhiteTitle "FM"]
[WhiteElo "2243"]
[BlackElo "2418"]
[WhiteFideId "4508378"]
[BlackFideId "8631859"]
[EventDate "2025.05.26"]

1. e4 e5 2. Bc4 Nf6 3. d3 c6 4. Nf3 d5 5. Bb3 a5 6. a4 Bb4+ 7. c3 Bd6 8. O-O O-O
9. Bg5 dxe4 10. dxe4 h6 11. Bh4 Qe7 12. Nbd2 Bc7 13. Nc4 Rd8 14. Qc2 Be6 15. Ne3
Nbd7 16. Bxf6 Qxf6 17. Bxe6 Qxe6 18. b4 Nb6 19. Nd2 axb4 20. cxb4 Rxa4 21. Rxa4
Nxa4 22. Qxa4 Rxd2 23. Qa8+ Bd8 24. Qxb7 Bg5 25. Nf5 g6 26. h4 Bd8 27. Ne3 Bxh4
28. b5 cxb5 29. Qxb5 Bg5 30. Nd5 Kg7 31. Qb8 Kh7 32. Ra1 Bf6 33. Ra8 h5 34. Qe8 1/2-1/2

[Event "Norway Chess Open GM 2025"]
[Site "Stavanger NOR"]
[Date "2025.05.27"]
[Round "2.10"]
[White "Elsness, Frode"]
[Black "Gentemann, Moritz"]
[Result "1/2-1/2"]
[WhiteTitle "IM"]
[WhiteElo "2416"]
[BlackElo "2242"]
[WhiteFideId "1501100"]
[BlackFideId "4688007"]
[EventDate "2025.05.26"]

1. d4 Nf6 2. c4 e6 3. g3 d5 4. Bg2 Be7 5. Nf3 O-O 6. O-O a5 7. Qc2 Nbd7 8. Rd1
dxc4 9. Qxc4 b5 10. Qc2 Bb7 11. Bg5 Rc8 12. Nc3 b4 13. Na4 Be4 14. Qc1 c5 15.
Nxc5 Nxc5 16. dxc5 Qc7 17. Qf4 Qxf4 18. Bxf4 Rxc5 1/2-1/2

[Event "Norway Chess Open GM 2025"]
[Site "Stavanger NOR"]
[Date "2025.05.27"]
[Round "2.11"]
[White "Mahitosh, Dey"]
[Black "Hansen, Torbjorn Ringdal"]
[Result "1-0"]
[WhiteTitle "FM"]
[BlackTitle "GM"]
[WhiteElo "2240"]
[BlackElo "2407"]
[WhiteFideId "25091468"]
[BlackFideId "1501720"]
[EventDate "2025.05.26"]

1. d4 Nf6 2. c4 e6 3. g3 d5 4. Nf3 Be7 5. Bg2 O-O 6. O-O dxc4 7. Ne5 Nc6 8. Bxc6
bxc6 9. Nxc6 Qe8 10. Nxe7+ Qxe7 11. Qa4 c5 12. Qc6 Bb7 13. Qxc5 Qxc5 14. dxc5
Rfc8 15. Na3 c3 16. bxc3 Rxc5 17. c4 Ng4 18. Rb1 Ba6 19. Bb2 Ne5 20. Bxe5 Rxe5
21. Rb2 g5 22. Rd1 Rc8 23. Rd3 Kg7 24. Rc3 f5 25. f3 Kf6 26. Kf2 f4 27. Rd2 Rd5
28. Rdd3 fxg3+ 29. hxg3 Rxd3 30. exd3 h5 31. Nc2 h4 32. Ra3 Rb8 33. gxh4 gxh4
34. Rxa6 Rb2 35. Rxa7 Rxc2+ 36. Ke3 Kg6 37. Re7 h3 38. Rxe6+ Kg5 39. Re8 h2 40.
Rh8 Rxa2 41. c5 Rc2 42. d4 Kf5 43. Kd3 Rf2 44. Kc4 Kf4 45. c6 Kg3 46. d5 Rf1 47.
d6 h1=Q 48. Rxh1 Rxh1 49. d7 Rd1 50. c7 Rc1+ 51. Kd4 1-0

[Event "Norway Chess Open GM 2025"]
[Site "Stavanger NOR"]
[Date "2025.05.27"]
[Round "2.12"]
[White "Vestby-Ellingsen, Mads"]
[Black "Swarna Nihal"]
[Result "1-0"]
[WhiteTitle "IM"]
[WhiteElo "2382"]
[BlackElo "2228"]
[WhiteFideId "1520857"]
[BlackFideId "25683640"]
[EventDate "2025.05.26"]

1. Nf3 d5 2. g3 Nc6 3. d4 Bf5 4. Bg2 Nf6 5. O-O Nb4 6. c3 Nc6 7. c4 e6 8. Qa4
Qd7 9. Nc3 Ne4 10. Nh4 Nxd4 11. Qd1 Nxc3 12. bxc3 Nc6 13. cxd5 exd5 14. Nxf5
Qxf5 15. e4 dxe4 16. Bxe4 Qxe4 17. Re1 Qxe1+ 18. Qxe1+ Be7 19. Ba3 O-O-O 20.
Bxe7 Rde8 21. Qd1 Rxe7 22. Qg4+ f5 23. Qxf5+ Kb8 24. Rb1 g6 25. Qb5 Nd8 26. h4
Rhe8 27. Kg2 c6 28. Qc4 Ka8 29. Rd1 Nf7 30. Qg4 a6 31. Rd7 Ka7 32. Qd4+ Ka8 33.
Rxe7 Rxe7 34. Qg7 Ka7 35. Qxh7 Rd7 36. Qxg6 Ne5 37. Qe6 Rd5 38. h5 Nd7 39. h6
Nf8 40. Qf7 Rd8 41. h7 Nxh7 1-0